000 01221nam0a2200361 4500
001 RU\NLR\bibl\159178
005 20250618053105.0
010 _a5-89505-030-1
_bВ пер.
_9500
021 _aRU
_b2001-8871
_9426
035 _a(NLR Aleph) 000156134
090 _a897142
_c897142
100 _a20010510d2000 |||y0rusy50 ca
101 0 _arus
102 _aRU
105 _ay |||||||||
200 1 _aСоциальная модернизация в современной России
_fА. П. Манченко
210 _aМ.
_cИзд-во НОУ
_d2000
215 _a214,[1] с.
_d21
320 _aБиблиогр.: с. 203-215
606 0 _aИзменения социальные
_yРоссийская Федерация
_92208543
_3RU\NLR\auth\661326810
610 0 _aСоциальное развитие
610 0 _aРоссийская Федерация, социология
675 _a316.422(470)
_v3
_zrus
686 _a04
_2rugasnti
686 _a60.56
_2rubbk
686 _aС550.75
700 1 _aМанченко
_bА. П.
_4070
801 0 _aRU
_bRKP
_c20010510
_gPSBO
801 1 _aRU
_bRKP
_c20010510
801 2 _aRU
_bNLR
_c20010622
_grcr
942 _cBOOK
980 _aNB